| 000 | 00702nam a2200229 a 4500 | ||
|---|---|---|---|
| 001 | 43207 | ||
| 003 | BD-RjUL | ||
| 005 | 20211209053649.0 | ||
| 008 | 160620s1953 enk b 001 0 eng c | ||
| 035 | _a(BD-RjUL)43325 | ||
| 040 |
_aGeneral Theol. Sem. Library _cGUA _dGUA _dUKM _dBD-RjUL _beng |
||
| 041 | _aeng | ||
| 082 |
_a377.1 _218 _bMUE 1953 |
||
| 090 |
_aBV1471.2 _b.M890 |
||
| 100 | 1 |
_aMurray, A. Victor _q(Albert Victor), _d1890- _9132697 |
|
| 245 | 1 | 0 |
_aEducation into religion / _cby A. Victor Murray |
| 260 |
_aLondon : _bNisbet, _c1953 |
||
| 300 |
_axii, 230 p. ; _c23cm |
||
| 504 | _aIncludes index and bibliographical footnotes | ||
| 650 | 0 |
_aReligious education _9132698 |
|
| 942 |
_2ddc _cBK |
||
| 999 |
_c43207 _d43207 |
||